000 00923cam a22002897a 4500
001 16608694
005 20180112095858.0
008 110112s2011 enka 001 0 eng
010 _a 2010284285
015 _aGBB042211
_2bnb
016 7 _a015515403
_2Uk
020 _a9780321556257 (pbk.)
020 _a0321556259 (pbk.)
035 _a(OCoLC)ocn573152664
040 _aUKM
_cUKM
_dYDXCP
_dBTCTA
_dUBY
_dMIA
_dDLC
041 _aeng
042 _alccopycat
080 _a530
082 0 4 _a530 ADE
_222
100 1 _a43
101 _aFIZ
245 1 0 _aGet ready for physics /
_cEdward Adelson.
906 _a7
_bcbc
_ccopycat
_d2
_encip
_f20
_gy-gencatlg
942 _2ddc
_cBK
999 _c40224
_d40224